000 00261nam a22001097a 4500
008 170113b xxu||||| |||| 00| 0 eng d
020 _a9780323036528
041 _aeng
080 _27TH
_a618.2
245 _aCURRENT ISSUES IN NURSING
_cCOWEN, P.S
942 _2udc
_cBK
999 _c2851
_d2851